Tìm hiểu tư tưởng Hồ Chí Minh về giáo dục thanh niên
v.v...
Đã lưu trong:
| Tác giả chính: | |
|---|---|
| Định dạng: | Sách |
| Năm xuất bản: |
H.
Thanh niên
1999
|
| Chủ đề: | |
| Tags: |
Thêm thẻ
Không có thẻ, Hãy là người đầu tiên gắn thẻ bản ghi này!
|
| LEADER | 01284nam a2200229 4500 | ||
|---|---|---|---|
| 082 | |a 335.4346 |b V114T | ||
| 100 | |a Văn Tùng | ||
| 245 | |a Tìm hiểu tư tưởng Hồ Chí Minh về giáo dục thanh niên |c Văn Tùng | ||
| 260 | |a H. |b Thanh niên |c 1999 | ||
| 300 | |a 107 tr. |c 19 cm | ||
| 520 | |a v.v... | ||
| 653 | |a Tư tưởng Hồ Chí Minh | ||
| 653 | |a Giáo dục | ||
| 653 | |a Thanh niên | ||
| 653 | |a HCM, 1890-1969 | ||
| 942 | |2 ddc |c STK0 | ||
| 999 | |c 9212 |d 9212 | ||
| 952 | |0 0 |1 0 |2 ddc |4 0 |6 335_434600000000000_V114T |7 0 |8 300 |9 74427 |a qbu |b qbu |c D2 |d 2015-05-08 |g 12000 |o 335.4346 V114T |p 9082.c1 |r 0000-00-00 |w 2015-05-08 |y STK0 | ||
| 952 | |0 0 |1 0 |2 ddc |4 0 |6 335_434600000000000_V114T |7 0 |8 300 |9 74428 |a qbu |b qbu |c D2 |d 2015-05-08 |g 12000 |o 335.4346 V114T |p 9082.c2 |r 0000-00-00 |w 2015-05-08 |y STK0 | ||
| 952 | |0 0 |1 0 |2 ddc |4 0 |6 335_434600000000000_V114T |7 0 |8 300 |9 74429 |a qbu |b qbu |c D2 |d 2015-05-08 |g 12000 |l 2 |o 335.4346 V114T |p 9082.c3 |r 2018-10-17 |s 2018-10-08 |w 2015-05-08 |y STK0 | ||
| 952 | |0 0 |1 0 |2 ddc |4 0 |6 335_434600000000000_V114T |7 0 |8 300 |9 74430 |a qbu |b qbu |c D2 |d 2015-05-08 |g 12000 |o 335.4346 V114T |p 9082.c4 |r 0000-00-00 |w 2015-05-08 |y STK0 | ||
| 952 | |0 0 |1 0 |2 ddc |4 0 |6 335_434600000000000_V114T |7 0 |8 300 |9 107683 |a qbu |b qbu |c D2 |d 2016-09-07 |g 12000 |l 2 |o 335.4346 V114T |p 9082.c5 |r 2017-12-15 |s 2017-12-14 |w 2016-09-07 |y STK0 | ||